| 000 | 00634cam a2200277 4500 | ||
|---|---|---|---|
| 008 | 000000n2000 000 0 eng u | ||
| 020 | _a0421683201 | ||
| 035 | _a(Sirsi) u105618 | ||
| 050 | _a346.41043 | ||
| 100 | _aHowarth, William B | ||
| 245 | _aLand law in a nutshell | ||
| 250 | _a5th | ||
| 260 |
_aLondon _bSweet & Maxwell _c2000 |
||
| 300 | _a162p. ; 21cm | ||
| 350 | _a5.50 | ||
| 650 | _aLAW | ||
| 650 | _aCO-OWNERSHIP | ||
| 650 | _aLEASES | ||
| 650 | _aTENURE | ||
| 650 | _aESTATES | ||
| 650 | _aFREEHOLD LAND | ||
| 650 | _aTRUSTS OF LAND | ||
| 650 | _aEASEMENTS | ||
| 690 | _aPROPERTY | ||
| 942 | _n0 | ||
| 999 |
_c100449 _d100449 |
||